| 000 | 00839nam a2200229Ia 4500 | ||
|---|---|---|---|
| 005 | 20241129111513.0 | ||
| 008 | 241129s9999||||xx |||||||||||||| ||und|| | ||
| 020 | _a978-81-948605-5-6 | ||
| 037 | _aTB | ||
| 040 |
_aCRL _bhin _cCRL |
||
| 041 |
_ahin _2hin |
||
| 084 |
_aX.2.N 152R1 _qCRL |
||
| 100 |
_aगुप्ता, बजरंग लाल, ले. _9159144 |
||
| 245 | 0 |
_aअॅंग्रेजी शासन काल में भारत की अर्थव्यवस्था _cगुप्ता, बजरंग लाल, ले. |
|
| 260 |
_aदिल्ली, भारत _bकिताबवाले _c2021 |
||
| 300 | _a311पृ0 | ||
| 365 |
_aINR _b2500 |
||
| 546 | _aTranslated from Sanskrit to Hindi | ||
| 650 | _aEconomics | ||
| 942 |
_cTB _hX.2.N 152R1 |
||
| 999 |
_c1230749 _d1230749 |
||